Statistiques concernant Les Présidents de l'Assemblée Nationale en France sous la Ve

Cliquez ici pour prendre le quiz!

Statistiques générales

  • Ce quiz a été pris 124 fois
    (76 depuis la dernière actualisation)
  • Le résultat moyen est 8 sur 18

Statistiques - réponses

DatesNom% Correct
2018 - 2022Richard Ferrand
88%
2022 - 20....Yaël Braun-Pivet
69%
2017 - 2018François de Rugy
56%
1986 - 1988Jacques Chaban-Delmas
56%
1958 - 1969Jacques Chaban-Delmas
56%
1978 - 1981Jacques Chaban-Delmas
56%
2002 - Mars 2007Jean-Louis Debré
56%
1988 - 1992Laurent Fabius
56%
1997 - 2000Laurent Fabius
56%
2012 - 2017Claude Bartolone
49%
Juin 2007 - 2012Bernard Accoyer
31%
1993 - 1997Philippe Séguin
25%
1973 - 1978Edgar Faure
24%
1992 - 1993Henri Emmanuelli
24%
1969 - 1973Achille Peretti
15%
Mars 2007 - Juin 2007Patrick Ollier
15%
2000 - 2002Raymond Forni
12%
1981 -1986Louis Mermaz
10%

Distribution des résultats

Percentile par nombre de réponses

% des personnes avec chaque résultat

Votre développement - résultats

Vous n’avez pas pris ce quiz depuis la dernière actualisation